|
|
|
|
| LEADER |
00000nas a2200000 i 4500 |
| 001 |
ssj0000941944 |
| 003 |
WaSeSS |
| 005 |
20200512172242.0 |
| 006 |
m d |
| 007 |
cr n |
| 008 |
121106c20139999pauar p s 0 a0eng |
| 010 |
|
|
|a 2012273670
|
| 022 |
|
|
|a 2325-3290
|
| 035 |
|
|
|a (WaSeSS)ssj0000941944
|
| 037 |
|
|
|b University of Delaware, 16 W Main St., Newark, DE 19716
|
| 040 |
|
|
|a DLC
|b eng
|c DLC
|d OCLCQ
|d DKU
|d OCLCO
|d OCLCF
|d DLC
|d OCLCO
|d CUS
|d NTG
|d WaSeSS
|
| 042 |
|
|
|a pcc
|a nsdp
|
| 050 |
1 |
4 |
|a L11
|
| 082 |
1 |
0 |
|a 370
|2 23
|
| 222 |
|
0 |
|a Dialogic pedagogy
|
| 245 |
0 |
0 |
|a Dialogic pedagogy
|h [electronic resource] :
|b an international online journal.
|
| 246 |
1 |
|
|a JDP
|
| 260 |
|
|
|a [Pittsburgh, Pa.] :
|b University Library System, University of Pittsburgh,
|c 2013-
|
| 310 |
|
|
|a Annual
|
| 362 |
1 |
|
|a Began with: Vol 1 (2013).
|
| 506 |
|
|
|a License restrictions may limit access.
|
| 588 |
|
|
|a Description based on: Vol 1 (2013); title from banner (journal home page, viewed Mar. 7, 2014).
|
| 588 |
|
|
|a Latest issue consulted: Vol 2 (2014) (viewed Mar. 7, 2014).
|
| 650 |
|
0 |
|a Education
|v Periodicals.
|
| 650 |
|
7 |
|a Education.
|2 fast
|0 (OCoLC)fst00902499
|
| 655 |
|
0 |
|a Electronic journals.
|
| 856 |
4 |
0 |
|z Full text available from Research Library: 01/01/2013 to present
|u https://search.proquest.com/publication/2029664
|